| Tag |
First Indicator |
Second Indicator |
Subfields |
| LEADER |
00000cam a2200000 a 4500 |
| 001 |
in00000755607 |
| 005 |
20151016163901.0 |
| 008 |
850321s1985 nyu 00011 eng d |
| 020 |
|
|
|a 0886770033 (pbk.) :
|c $2.95.
|
| 035 |
|
|
|a (OCoLC)11832311
|
| 035 |
|
|
|9 ADJ5124AM
|
| 040 |
|
|
|a NDW
|c NDW
|d TXA
|d UtOrBLW
|
| 049 |
|
|
|a TXAM
|c [A09894178]
|
| 050 |
|
4 |
|a PR6062.E4163
|b G6 1985
|
| 090 |
|
|
|a PR6062.E4163
|b G67 1985b
|
| 100 |
1 |
|
|a Lee, Tanith.
|
| 245 |
1 |
4 |
|a The Gorgon :
|b and other beastly tales /
|c by Tanith Lee.
|
| 264 |
|
1 |
|a New York :
|b DAW Books,
|c 1985.
|
| 300 |
|
|
|a 288 pages ;
|c 18 cm.
|
| 336 |
|
|
|a text
|b txt
|2 rdacontent
|
| 337 |
|
|
|a unmediated
|b n
|2 rdamedia
|
| 338 |
|
|
|a volume
|b nc
|2 rdacarrier
|
| 500 |
|
|
|a Most stories have been published previously in serials.
|
| 505 |
0 |
|
|a The Gorgon -- Anna Medea -- Meow -- The hunting of death: the unicorn -- Magritte's secret agent -- Money's stagger -- Sirriamnis -- Because our skins are finer -- Quatt-sup -- Draco draco -- La reine blanche
|
| 650 |
|
0 |
|a Fantasy fiction.
|
| 999 |
|
|
|a MARS
|
| 999 |
f |
f |
|s d0ba98dd-c0a4-3e5a-b38b-138708b5cc3e
|i 023b5602-cb0a-3d09-82eb-2d6885150f13
|t 0
|
| 952 |
f |
f |
|p noncirc
|a Texas A&M University
|b College Station
|c Cushing Memorial Library & Archives
|d Cushing: Science Fiction (Does not check out)
|t 0
|e PR6062.E4163 G67 1985b
|h Library of Congress classification
|i unmediated -- volume
|m A14809894178
|
| 998 |
f |
f |
|a PR6062.E4163 G67 1985b
|t 0
|l Cushing: Science Fiction (Does not check out)
|